00539nam a2200181 a 45000010010000000030011000100080041000210350026000620820016000881000020001042450030001242600052001546500014002069420012002209520090002329980020003229990015003420000-8798ELIB.Books110520 1954  a(ELIB.Books)0000-8944 a234.2 bCri aCriswell, W. A. aThese Issues We Must Face bGrand Rapids: Zondervan Publishing House c1954 aSalvation 2ddccBK 00102ddc4070aKBTSbKBTSd2011-05-20l0p6913r2022-01-22 00:00:00w2022-01-22yBK cbate2011-05-20 c8798d8798